[Event "Sao Jose do Rio Preto IRT op"]
[Site "Sao Jose do Rio Preto"]
[Date "2012.06.09"]
[Round "5"]
[White "Blit, Jacques"]
[Black "Gimenez, Jayme Augusto"]
[Result "1-0"]
[WhiteElo "2278"]
[BlackElo "2094"]
[PlyCount "81"]
[EventDate "2012.06.07"]
[EventType "swiss"]
[EventRounds "6"]
[EventCountry "BRA"]
[SourceTitle "EXT 2014"]
[Source "ChessBase"]
[SourceDate "2013.11.20"]
[SourceVersion "1"]
[SourceVersionDate "2013.11.20"]
[SourceQuality "1"]

1. e4 c5 2. Nf3 Nc6 3. Nc3 e6 4. d4 cxd4 5. Nxd4 Nf6 6. Nxc6 bxc6 7. e5 Nd5 8. Ne4 Qc7 9. f4 Qb6 10. c4 Bb4+ 11. Ke2 f5 12. Nf2 Ba6 13. Kf3 Ne7 14. Be3 Bc5 15. Bxc5 Qxc5 16. Qd6 Qb6 17. b4 c5 18. bxc5 Bb7+ 19. Ke3 Qb2 20. Be2 Qa3+ 21. Nd3 Be4 22. c6 Qxd6 23. exd6 Bxd3 24. Kxd3 Nxc6 25. Bf3 Rc8 26. Rab1 0-0 27. Rhc1 g5 28. g3 gxf4 29. gxf4 e5 30. Bxc6 e4+ 31. Bxe4 fxe4+ 32. Kxe4 Rce8+ 33. Kf3 Re6 34. c5 Rh6 35. Rb7 Rh4 36. Rg1+ Kh8 37. Rg4 Rxh2 38. Rxd7 Rxa2 39. Rh4 Ra3+ 40. Ke4 Ra4+ 41. Ke5 1-0

[Event "Sao Jose do Rio Preto IRT op"]
[Site "Sao Jose do Rio Preto"]
[Date "2012.06.08"]
[Round "3"]
[White "Oliveira, Fernando Henrique"]
[Black "Gimenez, Jayme Augusto"]
[Result "0-1"]
[WhiteElo "2137"]
[BlackElo "2094"]
[PlyCount "90"]
[EventDate "2012.06.07"]
[EventType "swiss"]
[EventRounds "6"]
[EventCountry "BRA"]
[SourceTitle "EXT 2014"]
[Source "ChessBase"]
[SourceDate "2013.11.20"]
[SourceVersion "1"]
[SourceVersionDate "2013.11.20"]
[SourceQuality "1"]

1. d4 c5 2. d5 Nf6 3. c4 b5 4. cxb5 a6 5. bxa6 g6 6. Nc3 Bxa6 7. g3 d6 8. Bg2 Bg7 9. Nf3 Nbd7 10. Rb1 Nb6 11. b3 Bb7 12. Nh4 0-0 13. 0-0 Qd7 14. e4 Ba6 15. Re1 Ng4 16. Qc2 Bd4 17. Nd1 Ne5 18. Bf1 Bxf1 19. Rxf1 Qh3 20. Qe2 Ng4 21. Nf3 f5 22. Ne3 Bxe3 23. fxe3 fxe4 24. Nd2 Rxf1+ 25. Nxf1 Rf8 26. Qg2 Qxg2+ 27. Kxg2 Rf2+ 28. Kh3 h5 29. Bb2 Nxd5 30. Kh4 Kh7 31. h3 Ngxe3 32. Nxe3 Nxe3 33. g4 Nc2 34. gxh5 gxh5 35. a4 e3 36. Kg3 Rf8 37. Bc3 Nd4 38. Re1 Kg6 39. Bxd4 cxd4 40. b4 e5 41. b5 e4 42. b6 d3 43. Kh4 d2 44. Rg1+ Kh6 45. b7 e2 0-1

[Event "Ribeirao Preto RECRA 1st"]
[Site "Ribeirao Preto"]
[Date "2010.12.05"]
[Round "6.4"]
[White "Gimenez, Jayme Augusto"]
[Black "Oliveira, Fernando Henrique"]
[Result "1/2-1/2"]
[WhiteElo "2135"]
[BlackElo "2032"]
[PlyCount "139"]
[EventDate "2010.12.03"]
[EventType "swiss"]
[EventRounds "6"]
[EventCountry "BRA"]
[SourceTitle "EXT 2022"]
[Source "ChessBase"]
[SourceDate "2021.10.06"]
[SourceVersion "1"]
[SourceVersionDate "2021.10.06"]
[SourceQuality "1"]

1. c4 e5 2. Nc3 c5 3. g3 Nc6 4. Bg2 g6 5. d3 Bg7 6. Nf3 Nge7 7. 0-0 0-0 8. a3 d6 9. Rb1 a5 10. Ne1 Be6 11. Bg5 f6 12. Be3 f5 13. Qd2 Rb8 14. Bg5 Qd7 15. Nc2 d5 16. Bxe7 Nxe7 17. Nxd5 Nxd5 18. cxd5 Bxd5 19. Bxd5+ Qxd5 20. Qxa5 f4 21. b4 b5 22. bxc5 Qxc5 23. Rbc1 fxg3 24. hxg3 Bh6 25. e3 Qd5 26. Qd2 Rf3 27. Nb4 Qd7 28. Qa2+ Kh8 29. Qd5 Qf5 30. e4 Qg5 31. Rc2 Rbf8 32. Kg2 Bg7 33. Qe6 Qd8 34. Rc8 Qd4 35. Rxf8+ Rxf8 36. Qd5 Qb2 37. Qxb5 Qxa3 38. Nd5 Qa7 39. Qb6 Qf7 40. Qe3 h5 41. Rc1 Kg8 42. Rc7 Qe6 43. Qg5 Kh7 44. Re7 Qd6 45. Rb7 Kh8 46. Rb6 Qc5 47. Qe3 Qxe3 48. Nxe3 Kh7 49. Nd5 Rf7 50. Rc6 g5 51. Rc7 Rxc7 52. Nxc7 g4 53. f3 gxf3+ 54. Kxf3 Bf6 55. Nd5 Bd8 56. Ne3 Kg6 57. Nf5 Kg5 58. d4 exd4 59. Nxd4 Ba5 60. Ne6+ Kf6 61. Nc5 Ke5 62. Nd3+ Kf6 63. Nf4 Kg5 64. Ne2 Bc7 65. Nd4 Bb8 66. Nf5 Be5 67. Ne3 h4 68. gxh4+ Kxh4 69. Nc4 Bc7 70. Ke3 1/2-1/2

[Event "Ribeirao Preto RECRA 1st"]
[Site "Ribeirao Preto"]
[Date "2010.12.04"]
[Round "3.1"]
[White "Barbosa, Evandro Amorim"]
[Black "Gimenez, Jayme Augusto"]
[Result "1-0"]
[WhiteElo "2352"]
[BlackElo "2135"]
[PlyCount "135"]
[EventDate "2010.12.03"]
[EventType "swiss"]
[EventRounds "6"]
[EventCountry "BRA"]
[SourceTitle "EXT 2022"]
[Source "ChessBase"]
[SourceDate "2021.10.06"]
[SourceVersion "1"]
[SourceVersionDate "2021.10.06"]
[SourceQuality "1"]

1. e4 c5 2. Nf3 Nc6 3. d4 cxd4 4. Nxd4 Nf6 5. Nc3 e6 6. Ndb5 Bb4 7. a3 Bxc3+ 8. Nxc3 d5 9. exd5 exd5 10. Bd3 0-0 11. 0-0 d4 12. Ne2 Bg4 13. f3 Bh5 14. Nf4 Bg6 15. Nxg6 hxg6 16. f4 Nd5 17. f5 gxf5 18. Rxf5 Ne3 19. Bxe3 dxe3 20. Qg4 Qd4 21. Qxd4 Nxd4 22. Rd5 Rfd8 23. Rxd8+ Rxd8 24. Re1 Re8 25. h3 Re5 26. Kh2 Kf8 27. h4 Ne6 28. Kg3 f6 29. c3 g5 30. hxg5 Nxg5 31. Kf4 Ne6+ 32. Kf3 Ng5+ 33. Ke2 Ke7 34. Rf1 Ke6 35. Rf4 f5 36. Rb4 b6 37. Ra4 a5 38. Rh4 Kd6 39. g3 Ne6 40. Rh6 Ke7 41. Bc4 Nc5 42. Rxb6 Ne4 43. Rg6 Nf6 44. Rg7+ Kd6 45. Bd3 Ne4 46. Rg6+ Kd5 47. Rg8 Nc5 48. Bc2 Ne4 49. Rg6 Nd6 50. a4 Kc5 51. b4+ axb4 52. cxb4+ Kc6 53. Bd3 Kc7 54. Rg7+ Kb8 55. b5 Nb7 56. Rd7 Nc5 57. Rd4 Ne6 58. Rc4 Nc5 59. Bc2 Nb7 60. Rc3 Na5 61. Rxe3 Rc5 62. Bd3 Nc4 63. Bxc4 Rxc4 64. a5 Rc5 65. Rb3 Kb7 66. Kf3 Rc4 67. b6 Rc8 68. Rb5 1-0

[Event "Ribeirao Preto RECRA 2nd A"]
[Site "Ribeirao Preto"]
[Date "2010.10.27"]
[Round "8.5"]
[White "Supi, Luis Paulo"]
[Black "Gimenez, Jayme Augusto"]
[Result "1/2-1/2"]
[WhiteElo "2150"]
[BlackElo "2147"]
[PlyCount "23"]
[EventDate "2010.10.15"]
[EventType "tourn"]
[EventRounds "9"]
[EventCountry "BRA"]
[SourceTitle "EXT 2022"]
[Source "ChessBase"]
[SourceDate "2021.10.06"]
[SourceVersion "1"]
[SourceVersionDate "2021.10.06"]
[SourceQuality "1"]

1. e4 c5 2. Nc3 e6 3. Nf3 Nc6 4. d4 cxd4 5. Nxd4 Nf6 6. Nxc6 bxc6 7. Bd3 d5 8. 0-0 Bb7 9. Qe2 Qc7 10. exd5 Nxd5 11. Ne4 Be7 12. Bd2 1/2-1/2

[Event "Ribeirao Preto RECRA 2nd A"]
[Site "Ribeirao Preto"]
[Date "2010.10.26"]
[Round "7.2"]
[White "Gimenez, Jayme Augusto"]
[Black "Name, Gabriel Ricardo"]
[Result "1/2-1/2"]
[WhiteElo "2147"]
[BlackElo "2153"]
[PlyCount "22"]
[EventDate "2010.10.15"]
[EventType "tourn"]
[EventRounds "9"]
[EventCountry "BRA"]
[SourceTitle "EXT 2022"]
[Source "ChessBase"]
[SourceDate "2021.10.06"]
[SourceVersion "1"]
[SourceVersionDate "2021.10.06"]
[SourceQuality "1"]

1. c4 e5 2. d3 Bb4+ 3. Bd2 Qe7 4. Bxb4 Qxb4+ 5. Qd2 Qxd2+ 6. Nxd2 Nc6 7. Ngf3 d6 8. g3 Nge7 9. Bg2 Bd7 10. 0-0-0 0-0-0 11. a3 h6 1/2-1/2

[Event "Ribeirao Preto RECRA 2nd A"]
[Site "Ribeirao Preto"]
[Date "2010.10.25"]
[Round "6.4"]
[White "Shiroma, Silvio Haruo"]
[Black "Gimenez, Jayme Augusto"]
[Result "1-0"]
[WhiteElo "2182"]
[BlackElo "2147"]
[PlyCount "115"]
[EventDate "2010.10.15"]
[EventType "tourn"]
[EventRounds "9"]
[EventCountry "BRA"]
[SourceTitle "EXT 2022"]
[Source "ChessBase"]
[SourceDate "2021.10.06"]
[SourceVersion "1"]
[SourceVersionDate "2021.10.06"]
[SourceQuality "1"]

1. e4 c5 2. Nc3 e6 3. f4 Nc6 4. Nf3 d5 5. Bb5 Nge7 6. exd5 exd5 7. Ne5 a6 8. Qh5 g6 9. Bxc6+ bxc6 10. Qe2 Qc7 11. d3 Bg7 12. 0-0 0-0 13. Na4 Nf5 14. Nxc5 Re8 15. Qf2 f6 16. Nf3 Rb8 17. c3 Bf8 18. b4 Bd6 19. Re1 Rxe1+ 20. Nxe1 Qe7 21. Nc2 Bxc5 22. bxc5 Rb5 23. Ba3 Qb7 24. Bb4 a5 25. a4 Rxb4 26. cxb4 axb4 27. Rb1 b3 28. Nd4 Qb4 29. Rxb3 Qxa4 30. Nxf5 Bxf5 31. Rb8+ Kg7 32. h3 Bxd3 33. Rb7+ Kg8 34. Rb8+ Kg7 35. Rb7+ Kg8 36. Kh2 Bf5 37. Re7 Qc4 38. Rc7 Qa4 39. Qe3 Be4 40. Rc8+ Kg7 41. Rc7+ Kg8 42. f5 g5 43. Qg3 Bxf5 44. Qd6 Qf4+ 45. Qxf4 gxf4 46. Rxc6 Kf7 47. Rd6 Be6 48. Kg1 f3 49. gxf3 Bxh3 50. Rxd5 Be6 51. Rd2 h5 52. c6 Ke7 53. c7 Bd7 54. Rd4 Ke6 55. Kh2 Ke7 56. Kg3 Ke6 57. Kh4 Ke7 58. Kxh5 1-0

[Event "Ribeirao Preto RECRA 2nd A"]
[Site "Ribeirao Preto"]
[Date "2010.10.21"]
[Round "5.3"]
[White "Gimenez, Jayme Augusto"]
[Black "Frare, Fernando Cesar"]
[Result "1/2-1/2"]
[WhiteElo "2147"]
[BlackElo "2260"]
[PlyCount "22"]
[EventDate "2010.10.15"]
[EventType "tourn"]
[EventRounds "9"]
[EventCountry "BRA"]
[SourceTitle "EXT 2022"]
[Source "ChessBase"]
[SourceDate "2021.10.06"]
[SourceVersion "1"]
[SourceVersionDate "2021.10.06"]
[SourceQuality "1"]

1. c4 c6 2. Nf3 d5 3. b3 Bf5 4. Bb2 e6 5. g3 h6 6. Bg2 Nf6 7. 0-0 Be7 8. d3 Nbd7 9. Nbd2 a5 10. a3 0-0 11. Re1 Nc5 1/2-1/2

[Event "Ribeirao Preto RECRA 2nd A"]
[Site "Ribeirao Preto"]
[Date "2010.10.17"]
[Round "1.5"]
[White "Gimenez, Jayme Augusto"]
[Black "Da Silva, Cleber Alex"]
[Result "1/2-1/2"]
[WhiteElo "2147"]
[BlackElo "2048"]
[PlyCount "38"]
[EventDate "2010.10.15"]
[EventType "tourn"]
[EventRounds "9"]
[EventCountry "BRA"]
[SourceTitle "EXT 2022"]
[Source "ChessBase"]
[SourceDate "2021.10.06"]
[SourceVersion "1"]
[SourceVersionDate "2021.10.06"]
[SourceQuality "1"]

1. c4 Nf6 2. g3 c5 3. Bg2 g6 4. Nf3 Bg7 5. 0-0 Nc6 6. Nc3 0-0 7. d3 d6 8. a3 Bd7 9. Rb1 a5 10. Ne1 Qc8 11. Nc2 Bh3 12. b4 Bxg2 13. Kxg2 axb4 14. axb4 Nh5 15. Nd5 Ra2 16. b5 e6 17. Nb6 Qc7 18. bxc6 Qxc6+ 19. e4 Ra6 1/2-1/2

[Event "Ribeirao Preto Mogiano 1st"]
[Site "Ribeirao Preto"]
[Date "2010.07.31"]
[Round "2.5"]
[White "Gimenez, Jayme Augusto"]
[Black "Name, Gabriel Ricardo"]
[Result "1/2-1/2"]
[WhiteElo "2144"]
[BlackElo "2142"]
[PlyCount "75"]
[EventDate "2010.07.30"]
[EventType "tourn"]
[EventRounds "9"]
[EventCountry "BRA"]
[SourceTitle "EXT 2022"]
[Source "ChessBase"]
[SourceDate "2021.10.06"]
[SourceVersion "1"]
[SourceVersionDate "2021.10.06"]
[SourceQuality "1"]

1. c4 e5 2. g3 Nc6 3. Bg2 Nf6 4. Nf3 d5 5. cxd5 Nxd5 6. d3 f6 7. 0-0 Be6 8. Nc3 Qd7 9. Ne4 Be7 10. Bd2 a5 11. Rc1 Ndb4 12. a3 Na6 13. Qa4 0-0 14. Qb5 Qc8 15. Bxa5 g5 16. Rxc6 bxc6 17. Qxc6 Rd8 18. Rc1 Ra7 19. Bd2 Kg7 20. Be3 Bd5 21. Qc3 Rb7 22. Nfd2 Qe6 23. b4 h6 24. Nc5 Nxc5 25. Bxc5 Bxg2 26. Bxe7 Qxe7 27. Kxg2 Ra7 28. Nc4 c5 29. Na5 cxb4 30. axb4 Raa8 31. Nc6 Qb7 32. Kg1 Rdc8 33. Qc5 Ra6 34. b5 Rb6 35. Ra1 Rxb5 36. Ra7 Rxc5 37. Rxb7+ Kf8 38. Nb4 1/2-1/2

[Event "Ribeirao Preto Mogiano 1st"]
[Site "Ribeirao Preto"]
[Date "2010.07.30"]
[Round "1.1"]
[White "Gimenez, Jayme Augusto"]
[Black "De Oliveira, Peter"]
[Result "1-0"]
[WhiteElo "2144"]
[BlackElo "2030"]
[PlyCount "83"]
[EventDate "2010.07.30"]
[EventType "tourn"]
[EventRounds "9"]
[EventCountry "BRA"]
[SourceTitle "EXT 2022"]
[Source "ChessBase"]
[SourceDate "2021.10.06"]
[SourceVersion "1"]
[SourceVersionDate "2021.10.06"]
[SourceQuality "1"]

1. c4 e6 2. Nf3 Nf6 3. g3 d5 4. Bg2 Be7 5. 0-0 0-0 6. b3 c5 7. cxd5 Nxd5 8. Bb2 Nc6 9. Nc3 b6 10. Nxd5 exd5 11. d4 Bb7 12. Rc1 Rc8 13. Qd2 Re8 14. Rfd1 Na5 15. Bh3 Rb8 16. dxc5 bxc5 17. Ba3 c4 18. Bxe7 Rxe7 19. bxc4 Ba6 20. Qxd5 Qxd5 21. Rxd5 Nxc4 22. Rc5 Rxe2 23. Bf1 Rxa2 24. Bxc4 Bxc4 25. R5xc4 h6 26. Rc8+ Rxc8 27. Rxc8+ Kh7 28. Rc7 f6 29. Nd4 Ra6 30. Kg2 Kg6 31. Nc6 h5 32. Nxa7 Ra2 33. Nb5 Rd2 34. Nc3 f5 35. Rc6+ Kf7 36. h4 Rd4 37. Ne2 Rd8 38. Nf4 Rh8 39. Rg6 Rg8 40. Kf3 Rc8 41. Rg5 Rc3+ 42. Kg2 1-0

[Event "Paulisto-ch 5th Etapa"]
[Site "Americana"]
[Date "2000.08.06"]
[Round "5"]
[White "Deus Filho, Joaquim"]
[Black "Gimenez, Jayme Augusto"]
[Result "1-0"]
[WhiteElo "2126"]
[BlackElo "2192"]
[PlyCount "77"]
[EventDate "2000.08.04"]
[EventType "swiss"]
[EventRounds "6"]
[EventCountry "BRA"]
[SourceTitle "EXT 2005"]
[Source "ChessBase"]
[SourceDate "2004.11.15"]
[SourceVersion "1"]
[SourceVersionDate "2004.11.15"]
[SourceQuality "1"]

1. e4 c5 2. Nc3 Nc6 3. f4 g6 4. Nf3 Bg7 5. Bc4 e6 6. 0-0 Nge7 7. Qe1 d6 8. a4 h6 9. d3 a6 10. Bd2 Nd4 11. Nxd4 cxd4 12. Ne2 d5 13. exd5 exd5 14. Bb3 0-0 15. Ng3 Nf5 16. Nxf5 Bxf5 17. Qf2 Re8 18. Qf3 h5 19. h3 Rc8 20. Rac1 Qd7 21. Qxd5 Re2 22. Rf2 Rce8 23. Qxd7 Bxd7 24. Kf1 Rxf2+ 25. Kxf2 b6 26. a5 bxa5 27. Bxa5 Bh6 28. Bd2 a5 29. Ra1 Ra8 30. h4 a4 31. Bc4 Bf8 32. Re1 Rb8 33. Bc1 Bd6 34. g3 Kf8 35. Re4 Bf5 36. Re1 Bd7 37. b3 a3 38. Bd2 Ra8 39. Ra1 1-0

[Event "Paulisto-ch1"]
[Site "Americana"]
[Date "2000.??.??"]
[Round "3"]
[White "Pelikian, Jefferson"]
[Black "Gimenez, Jayme Augusto"]
[Result "1-0"]
[WhiteElo "2393"]
[BlackElo "2210"]
[PlyCount "77"]
[EventDate "2000.??.??"]
[EventType "swiss"]
[EventRounds "6"]
[EventCountry "BRA"]
[SourceTitle "EXT 2001"]
[Source "ChessBase"]
[SourceDate "2000.11.22"]
[SourceVersion "1"]
[SourceVersionDate "2000.11.22"]
[SourceQuality "1"]

1. e4 c5 2. Nf3 e6 3. d3 Nc6 4. g3 Nge7 5. Bg2 d5 6. Nbd2 b6 7. 0-0 Bb7 8. Re1 Qd7 9. exd5 Nxd5 10. Nc4 0-0-0 11. a4 Qc7 12. c3 Bd6 13. Qb3 Ba6 14. a5 b5 15. Ne3 Nf6 16. d4 c4 17. Qa2 Ne7 18. b3 Ned5 19. bxc4 Nxe3 20. fxe3 Qxc4 21. Qxc4+ bxc4 22. e4 Be7 23. Ne5 Rhf8 24. Nc6 Rfe8 25. Nxd8 Bxd8 26. Bf4 Nd7 27. Bd6 Bg5 28. Ra2 e5 29. d5 Kd8 30. Bh3 Be7 31. Bxe7+ Rxe7 32. d6 Re8 33. Rb2 g6 34. Reb1 Rf8 35. Rb8+ Bc8 36. Ra8 f5 37. Rb4 Nf6 38. exf5 g5 39. Rxc4 1-0

[Event "Paulisto-ch"]
[Site "Sao Caetano do Sul"]
[Date "1999.??.??"]
[Round "3"]
[White "Gimenez, Jayme Augusto"]
[Black "De Souza, Mauro Guimaraes"]
[Result "0-1"]
[WhiteElo "2205"]
[BlackElo "2363"]
[PlyCount "96"]
[EventDate "1999.??.??"]
[EventType "swiss"]
[EventRounds "6"]
[EventCountry "BRA"]
[SourceTitle "EXT 2000"]
[Source "ChessBase"]
[SourceDate "1999.11.16"]
[SourceVersion "1"]
[SourceVersionDate "1999.11.16"]
[SourceQuality "1"]

1. c4 e6 2. Nf3 Nf6 3. b3 d5 4. Bb2 Be7 5. e3 0-0 6. Be2 b6 7. 0-0 Bb7 8. d3 c5 9. Nbd2 Nc6 10. Ne5 Nxe5 11. Bxe5 Nd7 12. Bb2 Qc7 13. Qc2 Bd6 14. h3 Bh2+ 15. Kh1 Be5 16. Nf3 Bxb2 17. Qxb2 Rfd8 18. Rac1 Nf6 19. b4 Rac8 20. bxc5 bxc5 21. Rb1 Ba8 22. cxd5 exd5 23. Rfc1 Re8 24. Kg1 Qe7 25. Qb5 Nd7 26. a4 Nf8 27. a5 Ne6 28. Bf1 f5 29. Qb3 Kh8 30. d4 c4 31. Qb4 Qf6 32. Qd2 f4 33. exf4 Nxf4 34. Ne5 Ne6 35. Rc2 h5 36. Qd1 g6 37. Qd2 Kg7 38. a6 Rc7 39. Qc3 Nxd4 40. Qxd4 Qxe5 41. Qh4 Rce7 42. Re2 Qf6 43. Rxe7+ Rxe7 44. Qg3 Bc6 45. Rb8 h4 46. Qg4 Bd7 47. Qd1 Rf7 48. Qxd5 Qxf2+ 0-1

[Event "Itau Mercosul Cup 1st"]
[Site "Sao Paulo"]
[Date "1997.10.20"]
[Round "2"]
[White "Gimenez, Jayme Augusto"]
[Black "Sorokin, Maxim"]
[Result "1/2-1/2"]
[WhiteElo "2235"]
[BlackElo "2555"]
[PlyCount "108"]
[EventDate "1997.10.19"]
[EventType "swiss"]
[EventRounds "9"]
[EventCountry "BRA"]
[SourceTitle "CBM 060 Extra"]
[Source "ChessBase"]
[SourceDate "1997.11.04"]
[SourceVersion "1"]
[SourceVersionDate "1997.11.04"]
[SourceQuality "1"]

1. c4 c5 2. g3 Nc6 3. Bg2 g6 4. Nc3 Bg7 5. Nf3 Nf6 6. 0-0 0-0 7. d3 d6 8. a3 b6 9. Rb1 Bb7 10. b4 Qd7 11. Bd2 Nd4 12. e3 Nxf3+ 13. Bxf3 Bxf3 14. Qxf3 Rac8 15. Qg2 Rfd8 16. e4 e6 17. Bg5 h6 18. Bxf6 Bxf6 19. Rfc1 Qe7 20. Nd1 Bd4 21. Qf3 Qf6 22. Qxf6 Bxf6 23. Ne3 Kg7 24. Kf1 g5 25. Ke2 Rd7 26. Rd1 Re8 27. f4 Kg6 28. Kf3 Bd4 29. Nc2 Bg7 30. Ne3 Bc3 31. b5 Rde7 32. a4 Ra8 33. Rbc1 Bd4 34. Nc2 Bb2 35. Rb1 Bg7 36. Ne3 Bf6 37. Rbc1 h5 38. h3 Rg8 39. f5+ Kg7 40. Rb1 Bd4 41. g4 Rh8 42. Rh1 Ree8 43. Nc2 Be5 44. Rbg1 Kf6 45. h4 hxg4+ 46. Rxg4 Rxh4 47. Rgxh4 gxh4 48. fxe6 Kxe6 49. Rxh4 Rg8 50. Rg4 Rh8 51. Ne3 Rh1 52. Nd5 Rh3+ 53. Ke2 Rh2+ 54. Kf3 Rh3+ 1/2-1/2

[Event "Registro op"]
[Site "Registro"]
[Date "1997.??.??"]
[Round "4"]
[White "Gimenez, Jayme Augusto"]
[Black "Limp, Eduardo Thelio"]
[Result "0-1"]
[WhiteElo "2235"]
[BlackElo "2370"]
[PlyCount "87"]
[EventDate "1997.??.??"]
[EventType "swiss"]
[EventRounds "7"]
[EventCountry "BRA"]
[SourceTitle "EXT 1998"]
[Source "ChessBase"]
[SourceDate "1997.11.17"]
[SourceVersion "1"]
[SourceVersionDate "1997.11.17"]
[SourceQuality "1"]

1. c4 e5 2. Nc3 Nc6 3. g3 g6 4. Bg2 Bg7 5. e3 d6 6. Nge2 Nf6 7. d3 h5 8. h3 Be6 9. Nd5 Qd7 10. Qa4 0-0 11. Kf1 a6 12. Kg1 Rab8 13. Kh2 b5 14. Qd1 bxc4 15. dxc4 e4 16. Nec3 Ne5 17. Nxf6+ Bxf6 18. Nxe4 Bg7 19. c5 d5 20. Nc3 c6 21. Ne2 Nc4 22. Nd4 Nxb2 23. Qe2 Nc4 24. Rd1 Bf5 25. e4 Rbe8 26. Nxf5 gxf5 27. Rb1 Qe7 28. Qxh5 fxe4 29. Bh6 Qf6 30. Bxg7 Kxg7 31. Qg4+ Kh6 32. Qe2 Rb8 33. Kg1 Qe5 34. Rbc1 Rb2 35. Qg4 Qf6 36. Rf1 e3 37. Rxc4 exf2+ 38. Kh2 dxc4 39. Qxc4 Rfb8 40. Qxa6 Rb1 41. a4 R8b3 42. Rxb1 Rxb1 43. Bf1 Qg6 44. Qc4 0-1